<?xml version="1.0" encoding="UTF-8"?>
<collection xmlns="http://www.loc.gov/MARC21/slim">
 <record>
  <leader>09933nas a22011895  4500</leader>
  <controlfield tag="001">1/50279</controlfield>
  <controlfield tag="008">020408c19009999gw quzp       0   a0ger d</controlfield>
  <datafield tag="022" ind1=" " ind2=" ">
   <subfield code="a">0531-2485</subfield>
  </datafield>
  <datafield tag="035" ind1=" " ind2=" ">
   <subfield code="l">23695</subfield>
  </datafield>
  <datafield tag="040" ind1=" " ind2=" ">
   <subfield code="a">GR-PeUP</subfield>
  </datafield>
  <datafield tag="090" ind1=" " ind2=" ">
   <subfield code="a">Αλφαβητική σειρά</subfield>
  </datafield>
  <datafield tag="245" ind1="0" ind2="0">
   <subfield code="a">Europarecht.</subfield>
  </datafield>
  <datafield tag="260" ind1=" " ind2=" ">
   <subfield code="a">Baden-Baden :</subfield>
   <subfield code="b">Nomos,</subfield>
   <subfield code="c">1980-</subfield>
  </datafield>
  <datafield tag="310" ind1=" " ind2=" ">
   <subfield code="a">Quarterly.</subfield>
  </datafield>
  <datafield tag="362" ind1="0" ind2=" ">
   <subfield code="a">Vol.37, no.1(Jan./Feb. 2002)-v.37, no.6(Nov./Dec. 2002).</subfield>
  </datafield>
  <datafield tag="546" ind1=" " ind2=" ">
   <subfield code="a">German.</subfield>
  </datafield>
  <datafield tag="650" ind1=" " ind2="4">
   <subfield code="a">Law reports, digests, etc.</subfield>
   <subfield code="z">European Economic Community countries.</subfield>
  </datafield>
  <datafield tag="650" ind1=" " ind2="4">
   <subfield code="a">Law</subfield>
   <subfield code="z">European Economic Community countries</subfield>
   <subfield code="x">Periodicals.</subfield>
  </datafield>
  <datafield tag="710" ind1="2" ind2=" ">
   <subfield code="a">Wissenschaftliche Gesellschaft four Europarecht.</subfield>
  </datafield>
  <datafield tag="852" ind1=" " ind2=" ">
   <subfield code="a">INST</subfield>
   <subfield code="b">UNIPILB</subfield>
   <subfield code="c">SERIALS</subfield>
   <subfield code="e">20041102</subfield>
   <subfield code="h">Αλφαβητική σειρά</subfield>
   <subfield code="p">37295</subfield>
   <subfield code="q">37295</subfield>
   <subfield code="t">NOLOAN</subfield>
   <subfield code="v">vol.38;no.1:(Μήνας)Jan.;(Έτος)2003</subfield>
   <subfield code="y">23</subfield>
  </datafield>
  <datafield tag="852" ind1=" " ind2=" ">
   <subfield code="a">INST</subfield>
   <subfield code="b">UNIPILB</subfield>
   <subfield code="c">SERIALS</subfield>
   <subfield code="e">20041102</subfield>
   <subfield code="h">Αλφαβητική σειρά</subfield>
   <subfield code="p">37296</subfield>
   <subfield code="q">37296</subfield>
   <subfield code="t">NOLOAN</subfield>
   <subfield code="v">vol.38;no.2:(Μήνες)Mar.-Apr.;(Έτος)2003</subfield>
   <subfield code="y">23</subfield>
  </datafield>
  <datafield tag="852" ind1=" " ind2=" ">
   <subfield code="a">INST</subfield>
   <subfield code="b">UNIPILB</subfield>
   <subfield code="c">SERIALS</subfield>
   <subfield code="e">20041102</subfield>
   <subfield code="h">Αλφαβητική σειρά</subfield>
   <subfield code="p">37297</subfield>
   <subfield code="q">37297</subfield>
   <subfield code="t">NOLOAN</subfield>
   <subfield code="v">vol.38;no.3:(Μήνες)May-Jun.;(Έτος)2003</subfield>
   <subfield code="y">23</subfield>
  </datafield>
  <datafield tag="852" ind1=" " ind2=" ">
   <subfield code="a">INST</subfield>
   <subfield code="b">UNIPILB</subfield>
   <subfield code="c">SERIALS</subfield>
   <subfield code="e">20041102</subfield>
   <subfield code="h">Αλφαβητική σειρά</subfield>
   <subfield code="p">37298</subfield>
   <subfield code="q">37298</subfield>
   <subfield code="t">NOLOAN</subfield>
   <subfield code="v">vol.38;no.4:(Μήνες)Jul.-Aug.;(Έτος)2003</subfield>
   <subfield code="y">23</subfield>
  </datafield>
  <datafield tag="852" ind1=" " ind2=" ">
   <subfield code="a">INST</subfield>
   <subfield code="b">UNIPILB</subfield>
   <subfield code="c">SERIALS</subfield>
   <subfield code="e">20041102</subfield>
   <subfield code="h">Αλφαβητική σειρά</subfield>
   <subfield code="p">37299</subfield>
   <subfield code="q">37299</subfield>
   <subfield code="t">NOLOAN</subfield>
   <subfield code="v">vol.38;no.5:(Μήνες)Sep.-Oct.;(Έτος)2003</subfield>
   <subfield code="y">23</subfield>
  </datafield>
  <datafield tag="852" ind1=" " ind2=" ">
   <subfield code="a">INST</subfield>
   <subfield code="b">UNIPILB</subfield>
   <subfield code="c">SERIALS</subfield>
   <subfield code="e">20050120</subfield>
   <subfield code="h">Αλφαβητική σειρά</subfield>
   <subfield code="p">39136</subfield>
   <subfield code="q">39136</subfield>
   <subfield code="t">NOLOAN</subfield>
   <subfield code="v">vol.38;no.6:(Μήνες)Nov.-Dec.;(Έτος)2003</subfield>
   <subfield code="y">23</subfield>
  </datafield>
  <datafield tag="852" ind1=" " ind2=" ">
   <subfield code="a">INST</subfield>
   <subfield code="b">UNIPILB</subfield>
   <subfield code="c">SERIALS</subfield>
   <subfield code="e">20050405</subfield>
   <subfield code="h">Αλφαβητική σειρά</subfield>
   <subfield code="p">42081</subfield>
   <subfield code="q">42081</subfield>
   <subfield code="t">NOLOAN</subfield>
   <subfield code="v">vol.39;no.1:(Μήνες)Jan.-Feb.;(Έτος)2004</subfield>
   <subfield code="y">23</subfield>
  </datafield>
  <datafield tag="852" ind1=" " ind2=" ">
   <subfield code="a">INST</subfield>
   <subfield code="b">UNIPILB</subfield>
   <subfield code="c">SERIALS</subfield>
   <subfield code="e">20050405</subfield>
   <subfield code="h">Αλφαβητική σειρά</subfield>
   <subfield code="p">42082</subfield>
   <subfield code="q">42082</subfield>
   <subfield code="t">NOLOAN</subfield>
   <subfield code="v">vol.39;no.2:(Μήνες)Mar.-Apr.;(Έτος)2004</subfield>
   <subfield code="y">23</subfield>
  </datafield>
  <datafield tag="852" ind1=" " ind2=" ">
   <subfield code="a">INST</subfield>
   <subfield code="b">UNIPILB</subfield>
   <subfield code="c">SERIALS</subfield>
   <subfield code="e">20050405</subfield>
   <subfield code="h">Αλφαβητική σειρά</subfield>
   <subfield code="p">42083</subfield>
   <subfield code="q">42083</subfield>
   <subfield code="t">NOLOAN</subfield>
   <subfield code="v">vol.39;no.3:(Μήνες)May-Jun.;(Έτος)2004</subfield>
   <subfield code="y">23</subfield>
  </datafield>
  <datafield tag="852" ind1=" " ind2=" ">
   <subfield code="a">INST</subfield>
   <subfield code="b">UNIPILB</subfield>
   <subfield code="c">SERIALS</subfield>
   <subfield code="e">20050405</subfield>
   <subfield code="h">Αλφαβητική σειρά</subfield>
   <subfield code="p">42084</subfield>
   <subfield code="q">42084</subfield>
   <subfield code="t">NOLOAN</subfield>
   <subfield code="v">vol.39;no.4:(Μήνες)Jul.-Aug.;(Έτος)2004</subfield>
   <subfield code="y">23</subfield>
  </datafield>
  <datafield tag="852" ind1=" " ind2=" ">
   <subfield code="a">INST</subfield>
   <subfield code="b">UNIPILB</subfield>
   <subfield code="c">SERIALS</subfield>
   <subfield code="e">20050405</subfield>
   <subfield code="h">Αλφαβητική σειρά</subfield>
   <subfield code="p">42085</subfield>
   <subfield code="q">42085</subfield>
   <subfield code="t">NOLOAN</subfield>
   <subfield code="v">vol.39;no.5:(Μήνες)Sep.-Oct.;(Έτος)2004</subfield>
   <subfield code="y">23</subfield>
  </datafield>
  <datafield tag="852" ind1=" " ind2=" ">
   <subfield code="a">INST</subfield>
   <subfield code="b">UNIPILB</subfield>
   <subfield code="c">SERIALS</subfield>
   <subfield code="e">20050405</subfield>
   <subfield code="h">Αλφαβητική σειρά</subfield>
   <subfield code="p">42086</subfield>
   <subfield code="q">42086</subfield>
   <subfield code="t">NOLOAN</subfield>
   <subfield code="v">vol.39;no.6:(Μήνες)Nov.-Dec.;(Έτος)2004</subfield>
   <subfield code="y">23</subfield>
  </datafield>
  <datafield tag="852" ind1=" " ind2=" ">
   <subfield code="a">INST</subfield>
   <subfield code="b">UNIPILB</subfield>
   <subfield code="c">SERIALS</subfield>
   <subfield code="e">20051129</subfield>
   <subfield code="h">Αλφαβητική σειρά</subfield>
   <subfield code="p">48870</subfield>
   <subfield code="q">48870</subfield>
   <subfield code="t">NOLOAN</subfield>
   <subfield code="v">vol.40;no.1:(Μήνες)Jan.-Feb.;(Έτος)2005</subfield>
   <subfield code="y">23</subfield>
  </datafield>
  <datafield tag="852" ind1=" " ind2=" ">
   <subfield code="a">INST</subfield>
   <subfield code="b">UNIPILB</subfield>
   <subfield code="c">SERIALS</subfield>
   <subfield code="e">20051129</subfield>
   <subfield code="h">Αλφαβητική σειρά</subfield>
   <subfield code="p">48871</subfield>
   <subfield code="q">48871</subfield>
   <subfield code="t">NOLOAN</subfield>
   <subfield code="v">vol.40;no.2:(Μήνες)Mar.-Apr.;(Έτος)2005</subfield>
   <subfield code="y">23</subfield>
  </datafield>
  <datafield tag="852" ind1=" " ind2=" ">
   <subfield code="a">INST</subfield>
   <subfield code="b">UNIPILB</subfield>
   <subfield code="c">SERIALS</subfield>
   <subfield code="e">20051129</subfield>
   <subfield code="h">Αλφαβητική σειρά</subfield>
   <subfield code="p">48872</subfield>
   <subfield code="q">48872</subfield>
   <subfield code="t">NOLOAN</subfield>
   <subfield code="v">vol.40;no.3:(Μήνες)May-Jun.;(Έτος)2005</subfield>
   <subfield code="y">23</subfield>
  </datafield>
  <datafield tag="852" ind1=" " ind2=" ">
   <subfield code="a">INST</subfield>
   <subfield code="b">UNIPILB</subfield>
   <subfield code="c">SERIALS</subfield>
   <subfield code="e">20051129</subfield>
   <subfield code="h">Αλφαβητική σειρά</subfield>
   <subfield code="p">48873</subfield>
   <subfield code="q">48873</subfield>
   <subfield code="t">NOLOAN</subfield>
   <subfield code="v">vol.40;no.4:(Μήνες)Jul.-Aug.;(Έτος)2005</subfield>
   <subfield code="y">23</subfield>
  </datafield>
  <datafield tag="852" ind1=" " ind2=" ">
   <subfield code="a">INST</subfield>
   <subfield code="b">UNIPILB</subfield>
   <subfield code="c">SERIALS</subfield>
   <subfield code="e">20060120</subfield>
   <subfield code="h">Αλφαβητική σειρά</subfield>
   <subfield code="p">49715</subfield>
   <subfield code="q">49715</subfield>
   <subfield code="t">NOLOAN</subfield>
   <subfield code="v">vol.40;no.5:(Μήνες)Sep.-Oct.;(Έτος)2005</subfield>
   <subfield code="y">23</subfield>
  </datafield>
  <datafield tag="852" ind1=" " ind2=" ">
   <subfield code="a">INST</subfield>
   <subfield code="b">UNIPILB</subfield>
   <subfield code="c">SERIALS</subfield>
   <subfield code="e">20060301</subfield>
   <subfield code="h">Αλφαβητική σειρά</subfield>
   <subfield code="p">50645</subfield>
   <subfield code="q">50645</subfield>
   <subfield code="t">NOLOAN</subfield>
   <subfield code="v">vol.40;no.6:(Μήνες)Nov.-Dec.;(Έτος)2005</subfield>
   <subfield code="y">23</subfield>
  </datafield>
  <datafield tag="852" ind1=" " ind2=" ">
   <subfield code="a">INST</subfield>
   <subfield code="b">UNIPILB</subfield>
   <subfield code="c">SERIALS</subfield>
   <subfield code="e">20060705</subfield>
   <subfield code="h">Αλφαβητική σειρά</subfield>
   <subfield code="p">51816</subfield>
   <subfield code="q">51816</subfield>
   <subfield code="t">NOLOAN</subfield>
   <subfield code="v">vol.41;no.1:(Μήνες)Jan.-Feb.;(Έτος)2006</subfield>
   <subfield code="y">23</subfield>
  </datafield>
  <datafield tag="852" ind1=" " ind2=" ">
   <subfield code="a">INST</subfield>
   <subfield code="b">UNIPILB</subfield>
   <subfield code="c">SERIALS</subfield>
   <subfield code="e">20080317</subfield>
   <subfield code="h">Αλφαβητική σειρά</subfield>
   <subfield code="p">60213</subfield>
   <subfield code="q">60213</subfield>
   <subfield code="t">NOLOAN</subfield>
   <subfield code="v">vol.42;no.2:(Μήνες)Mar.-Apr.;(Έτος)2007</subfield>
   <subfield code="y">23</subfield>
  </datafield>
  <datafield tag="852" ind1=" " ind2=" ">
   <subfield code="a">INST</subfield>
   <subfield code="b">UNIPILB</subfield>
   <subfield code="c">SERIALS</subfield>
   <subfield code="e">20080317</subfield>
   <subfield code="h">Αλφαβητική σειρά</subfield>
   <subfield code="p">60214</subfield>
   <subfield code="q">60214</subfield>
   <subfield code="t">NOLOAN</subfield>
   <subfield code="v">vol.42;no.1:(Μήνες)Jan.-Feb.;(Έτος)2007</subfield>
   <subfield code="y">23</subfield>
  </datafield>
  <datafield tag="852" ind1=" " ind2=" ">
   <subfield code="a">INST</subfield>
   <subfield code="b">UNIPILB</subfield>
   <subfield code="c">SERIALS</subfield>
   <subfield code="e">20080317</subfield>
   <subfield code="h">Αλφαβητική σειρά</subfield>
   <subfield code="p">60215</subfield>
   <subfield code="q">60215</subfield>
   <subfield code="t">NOLOAN</subfield>
   <subfield code="v">vol.42;no.3:(Μήνες)May-Jun.;(Έτος)2007</subfield>
   <subfield code="y">23</subfield>
  </datafield>
  <datafield tag="852" ind1=" " ind2=" ">
   <subfield code="a">INST</subfield>
   <subfield code="b">UNIPILB</subfield>
   <subfield code="c">SERIALS</subfield>
   <subfield code="e">20080317</subfield>
   <subfield code="h">Αλφαβητική σειρά</subfield>
   <subfield code="p">60216</subfield>
   <subfield code="q">60216</subfield>
   <subfield code="t">NOLOAN</subfield>
   <subfield code="v">vol.42;no.4:(Μήνες)Jul.-Aug.;(Έτος)2007</subfield>
   <subfield code="y">23</subfield>
  </datafield>
  <datafield tag="852" ind1=" " ind2=" ">
   <subfield code="a">INST</subfield>
   <subfield code="b">UNIPILB</subfield>
   <subfield code="c">SERIALS</subfield>
   <subfield code="e">20080317</subfield>
   <subfield code="h">Αλφαβητική σειρά</subfield>
   <subfield code="p">60217</subfield>
   <subfield code="q">60217</subfield>
   <subfield code="t">NOLOAN</subfield>
   <subfield code="v">vol.42;no.5:(Μήνες)Sep.-Oct.;(Έτος)2007</subfield>
   <subfield code="y">23</subfield>
  </datafield>
  <datafield tag="852" ind1=" " ind2=" ">
   <subfield code="a">INST</subfield>
   <subfield code="b">UNIPILB</subfield>
   <subfield code="c">SERIALS</subfield>
   <subfield code="e">20080317</subfield>
   <subfield code="h">Αλφαβητική σειρά</subfield>
   <subfield code="p">60218</subfield>
   <subfield code="q">60218</subfield>
   <subfield code="t">NOLOAN</subfield>
   <subfield code="v">vol.42;no.6:(Μήνες)Nov.-Dec.;(Έτος)2007</subfield>
   <subfield code="y">23</subfield>
  </datafield>
  <datafield tag="852" ind1=" " ind2=" ">
   <subfield code="a">INST</subfield>
   <subfield code="b">UNIPILB</subfield>
   <subfield code="c">SERIALS</subfield>
   <subfield code="e">20100129</subfield>
   <subfield code="h">Αλφαβητική σειρά</subfield>
   <subfield code="p">66509</subfield>
   <subfield code="q">66509</subfield>
   <subfield code="t">NOLOAN</subfield>
   <subfield code="v">vol.44;no.1:(Έτος)2009</subfield>
   <subfield code="y">23</subfield>
  </datafield>
  <datafield tag="852" ind1=" " ind2=" ">
   <subfield code="a">INST</subfield>
   <subfield code="b">UNIPILB</subfield>
   <subfield code="c">SERIALS</subfield>
   <subfield code="e">20100129</subfield>
   <subfield code="h">Αλφαβητική σειρά</subfield>
   <subfield code="p">66510</subfield>
   <subfield code="q">66510</subfield>
   <subfield code="t">NOLOAN</subfield>
   <subfield code="v">vol.44;no.2:(Έτος)2009</subfield>
   <subfield code="y">23</subfield>
  </datafield>
  <datafield tag="852" ind1=" " ind2=" ">
   <subfield code="a">INST</subfield>
   <subfield code="b">UNIPILB</subfield>
   <subfield code="c">SERIALS</subfield>
   <subfield code="e">20100712</subfield>
   <subfield code="h">Αλφαβητική σειρά</subfield>
   <subfield code="p">69495</subfield>
   <subfield code="q">69495</subfield>
   <subfield code="t">NOLOAN</subfield>
   <subfield code="v">vol.45;no.1:(Έτος)2010</subfield>
   <subfield code="y">23</subfield>
  </datafield>
  <datafield tag="852" ind1=" " ind2=" ">
   <subfield code="a">INST</subfield>
   <subfield code="b">UNIPILB</subfield>
   <subfield code="c">SERIALS</subfield>
   <subfield code="e">20100712</subfield>
   <subfield code="h">Αλφαβητική σειρά</subfield>
   <subfield code="p">69496</subfield>
   <subfield code="q">69496</subfield>
   <subfield code="t">NOLOAN</subfield>
   <subfield code="v">vol.45;no.2:(Έτος)2010</subfield>
   <subfield code="y">23</subfield>
  </datafield>
  <datafield tag="852" ind1=" " ind2=" ">
   <subfield code="a">INST</subfield>
   <subfield code="b">UNIPILB</subfield>
   <subfield code="c">SERIALS</subfield>
   <subfield code="e">20100831</subfield>
   <subfield code="h">Αλφαβητική σειρά</subfield>
   <subfield code="p">69735</subfield>
   <subfield code="q">69735</subfield>
   <subfield code="t">NOLOAN</subfield>
   <subfield code="v">vol.45;no.3:(Έτος)2010</subfield>
   <subfield code="y">23</subfield>
  </datafield>
  <datafield tag="852" ind1=" " ind2=" ">
   <subfield code="a">INST</subfield>
   <subfield code="b">UNIPILB</subfield>
   <subfield code="c">SERIALS</subfield>
   <subfield code="e">20100930</subfield>
   <subfield code="h">Αλφαβητική σειρά</subfield>
   <subfield code="p">69923</subfield>
   <subfield code="q">69923</subfield>
   <subfield code="t">NOLOAN</subfield>
   <subfield code="v">vol.45;no.4:(Έτος)2010</subfield>
   <subfield code="y">23</subfield>
  </datafield>
  <datafield tag="852" ind1=" " ind2=" ">
   <subfield code="a">INST</subfield>
   <subfield code="b">UNIPILB</subfield>
   <subfield code="c">SERIALS</subfield>
   <subfield code="e">20110118</subfield>
   <subfield code="h">Αλφαβητική σειρά</subfield>
   <subfield code="p">70804</subfield>
   <subfield code="q">70804</subfield>
   <subfield code="t">NOLOAN</subfield>
   <subfield code="v">vol.45;no.5:(Έτος)2010</subfield>
   <subfield code="y">23</subfield>
  </datafield>
  <datafield tag="852" ind1=" " ind2=" ">
   <subfield code="a">INST</subfield>
   <subfield code="b">UNIPILB</subfield>
   <subfield code="c">SERIALS</subfield>
   <subfield code="e">20110125</subfield>
   <subfield code="h">Αλφαβητική σειρά</subfield>
   <subfield code="p">70952</subfield>
   <subfield code="q">70952</subfield>
   <subfield code="t">NOLOAN</subfield>
   <subfield code="v">vol.45;no.6:(Έτος)2010</subfield>
   <subfield code="y">23</subfield>
  </datafield>
  <datafield tag="852" ind1=" " ind2=" ">
   <subfield code="a">INST</subfield>
   <subfield code="b">UNIPILB</subfield>
   <subfield code="c">SERIALS</subfield>
   <subfield code="e">20110722</subfield>
   <subfield code="h">Αλφαβητική σειρά</subfield>
   <subfield code="p">72409</subfield>
   <subfield code="q">72409</subfield>
   <subfield code="t">NOLOAN</subfield>
   <subfield code="v">vol.46;no.1:(Έτος)2011</subfield>
   <subfield code="y">23</subfield>
  </datafield>
  <datafield tag="852" ind1=" " ind2=" ">
   <subfield code="a">INST</subfield>
   <subfield code="b">UNIPILB</subfield>
   <subfield code="c">SERIALS</subfield>
   <subfield code="e">20110722</subfield>
   <subfield code="h">Αλφαβητική σειρά</subfield>
   <subfield code="p">72410</subfield>
   <subfield code="q">72410</subfield>
   <subfield code="t">NOLOAN</subfield>
   <subfield code="v">vol.46;no.2:(Έτος)2011</subfield>
   <subfield code="y">23</subfield>
  </datafield>
  <datafield tag="852" ind1=" " ind2=" ">
   <subfield code="a">INST</subfield>
   <subfield code="b">UNIPILB</subfield>
   <subfield code="c">SERIALS</subfield>
   <subfield code="e">20110928</subfield>
   <subfield code="h">Αλφαβητική σειρά</subfield>
   <subfield code="p">72745</subfield>
   <subfield code="q">72745</subfield>
   <subfield code="t">NOLOAN</subfield>
   <subfield code="v">vol.46;no.3:(Έτος)2011</subfield>
   <subfield code="y">23</subfield>
  </datafield>
  <datafield tag="852" ind1=" " ind2=" ">
   <subfield code="a">INST</subfield>
   <subfield code="b">UNIPILB</subfield>
   <subfield code="c">SERIALS</subfield>
   <subfield code="e">20111027</subfield>
   <subfield code="h">Αλφαβητική σειρά</subfield>
   <subfield code="p">73104</subfield>
   <subfield code="q">73104</subfield>
   <subfield code="t">NOLOAN</subfield>
   <subfield code="v">vol.46;no.4:(Έτος)2011</subfield>
   <subfield code="y">23</subfield>
  </datafield>
  <datafield tag="852" ind1=" " ind2=" ">
   <subfield code="a">INST</subfield>
   <subfield code="b">UNIPILB</subfield>
   <subfield code="c">SERIALS</subfield>
   <subfield code="e">20111207</subfield>
   <subfield code="h">Αλφαβητική σειρά</subfield>
   <subfield code="p">73723</subfield>
   <subfield code="q">73723</subfield>
   <subfield code="t">NOLOAN</subfield>
   <subfield code="v">vol.46;no.5:(Έτος)2011</subfield>
   <subfield code="y">23</subfield>
  </datafield>
  <datafield tag="852" ind1=" " ind2=" ">
   <subfield code="a">INST</subfield>
   <subfield code="b">UNIPILB</subfield>
   <subfield code="c">SERIALS</subfield>
   <subfield code="e">20120117</subfield>
   <subfield code="h">Αλφαβητική σειρά</subfield>
   <subfield code="p">73994</subfield>
   <subfield code="q">73994</subfield>
   <subfield code="t">NOLOAN</subfield>
   <subfield code="v">vol.46;no.6:(Έτος)2011</subfield>
   <subfield code="y">23</subfield>
  </datafield>
  <datafield tag="852" ind1=" " ind2=" ">
   <subfield code="a">INST</subfield>
   <subfield code="b">UNIPILB</subfield>
   <subfield code="c">SERIALS</subfield>
   <subfield code="e">20120518</subfield>
   <subfield code="h">Αλφαβητική σειρά</subfield>
   <subfield code="p">75489</subfield>
   <subfield code="q">75489</subfield>
   <subfield code="t">NOLOAN</subfield>
   <subfield code="v">vol.47;no.1:(Μήνας)February;(Έτος)2012</subfield>
   <subfield code="y">23</subfield>
  </datafield>
  <datafield tag="852" ind1=" " ind2=" ">
   <subfield code="a">INST</subfield>
   <subfield code="b">UNIPILB</subfield>
   <subfield code="c">SERIALS</subfield>
   <subfield code="e">20120601</subfield>
   <subfield code="h">Αλφαβητική σειρά</subfield>
   <subfield code="p">75646</subfield>
   <subfield code="q">75646</subfield>
   <subfield code="t">NOLOAN</subfield>
   <subfield code="v">vol.47;no.2:(Μήνας)April;(Έτος)2012</subfield>
   <subfield code="y">23</subfield>
  </datafield>
  <datafield tag="852" ind1=" " ind2=" ">
   <subfield code="a">INST</subfield>
   <subfield code="b">UNIPILB</subfield>
   <subfield code="c">SERIALS</subfield>
   <subfield code="e">20120924</subfield>
   <subfield code="h">Αλφαβητική σειρά</subfield>
   <subfield code="p">76576</subfield>
   <subfield code="q">76576</subfield>
   <subfield code="t">NOLOAN</subfield>
   <subfield code="v">vol.47;no.3:(Μήνας)June;(Έτος)2012</subfield>
   <subfield code="y">23</subfield>
  </datafield>
  <datafield tag="852" ind1=" " ind2=" ">
   <subfield code="a">INST</subfield>
   <subfield code="b">UNIPILB</subfield>
   <subfield code="c">SERIALS</subfield>
   <subfield code="e">20121008</subfield>
   <subfield code="h">Αλφαβητική σειρά</subfield>
   <subfield code="p">76708</subfield>
   <subfield code="q">76708</subfield>
   <subfield code="t">NOLOAN</subfield>
   <subfield code="v">vol.47;no.4:(Μήνας)August;(Έτος)2012</subfield>
   <subfield code="y">23</subfield>
  </datafield>
  <datafield tag="852" ind1=" " ind2=" ">
   <subfield code="a">INST</subfield>
   <subfield code="b">UNIPILB</subfield>
   <subfield code="c">SERIALS</subfield>
   <subfield code="e">20121203</subfield>
   <subfield code="h">Αλφαβητική σειρά</subfield>
   <subfield code="p">77238</subfield>
   <subfield code="q">77238</subfield>
   <subfield code="t">NOLOAN</subfield>
   <subfield code="v">vol.47;no.5:(Μήνας)October;(Έτος)2012</subfield>
   <subfield code="y">23</subfield>
  </datafield>
  <datafield tag="852" ind1=" " ind2=" ">
   <subfield code="a">INST</subfield>
   <subfield code="b">UNIPILB</subfield>
   <subfield code="c">SERIALS</subfield>
   <subfield code="e">20130114</subfield>
   <subfield code="h">Αλφαβητική σειρά</subfield>
   <subfield code="p">77456</subfield>
   <subfield code="q">77456</subfield>
   <subfield code="t">NOLOAN</subfield>
   <subfield code="v">vol.47;no.6:(Μήνας)December;(Έτος)2012</subfield>
   <subfield code="y">23</subfield>
  </datafield>
  <datafield tag="900" ind1=" " ind2=" ">
   <subfield code="a">Vol. 48 no. 1 (March 2013)</subfield>
   <subfield code="b">Οφειλόμενο</subfield>
   <subfield code="c">18/09/2013</subfield>
  </datafield>
  <datafield tag="900" ind1=" " ind2=" ">
   <subfield code="a">Vol. 41 no. 2 (Mar.-Apr. 2006)</subfield>
   <subfield code="b">Οφειλόμενο</subfield>
   <subfield code="c">09/04/2007</subfield>
  </datafield>
  <datafield tag="900" ind1=" " ind2=" ">
   <subfield code="a">Vol. 41 no. 3 (May-Jun. 2006)</subfield>
   <subfield code="b">Οφειλόμενο</subfield>
   <subfield code="c">16/09/2007</subfield>
  </datafield>
  <datafield tag="900" ind1=" " ind2=" ">
   <subfield code="a">Vol. 41 no. 4 (Jul.-Aug. 2006)</subfield>
   <subfield code="b">Οφειλόμενο</subfield>
   <subfield code="c">16/09/2007</subfield>
  </datafield>
  <datafield tag="900" ind1=" " ind2=" ">
   <subfield code="a">Vol. 41 no. 5 (Sep.-Oct. 2006)</subfield>
   <subfield code="b">Οφειλόμενο</subfield>
   <subfield code="c">01/10/2007</subfield>
  </datafield>
  <datafield tag="900" ind1=" " ind2=" ">
   <subfield code="a">Vol. 41 no. 6 (Nov.-Dec. 2006)</subfield>
   <subfield code="b">Οφειλόμενο</subfield>
   <subfield code="c">02/12/2007</subfield>
  </datafield>
  <datafield tag="900" ind1=" " ind2=" ">
   <subfield code="a">Vol. 43 no. 1 (February 2008)</subfield>
   <subfield code="b">Οφειλόμενο</subfield>
   <subfield code="c">01/09/2008</subfield>
  </datafield>
  <datafield tag="900" ind1=" " ind2=" ">
   <subfield code="a">Vol. 43 no. 2 (May 2008)</subfield>
   <subfield code="b">Οφειλόμενο</subfield>
   <subfield code="c">29/01/2010</subfield>
  </datafield>
  <datafield tag="900" ind1=" " ind2=" ">
   <subfield code="a">Vol. 43 no. 3 (August 2008)</subfield>
   <subfield code="b">Οφειλόμενο</subfield>
   <subfield code="c">29/01/2010</subfield>
  </datafield>
  <datafield tag="900" ind1=" " ind2=" ">
   <subfield code="a">Vol. 43 no. 4 (November 2008)</subfield>
   <subfield code="b">Οφειλόμενο</subfield>
   <subfield code="c">29/01/2010</subfield>
  </datafield>
  <datafield tag="900" ind1=" " ind2=" ">
   <subfield code="a">Vol. 44 no. 3 (August 2009)</subfield>
   <subfield code="b">Οφειλόμενο</subfield>
   <subfield code="c">19/04/2010</subfield>
  </datafield>
  <datafield tag="900" ind1=" " ind2=" ">
   <subfield code="a">Vol. 44 no. 4 (November 2009)</subfield>
   <subfield code="b">Οφειλόμενο</subfield>
   <subfield code="c">21/07/2010</subfield>
  </datafield>
  <datafield tag="950" ind1=" " ind2=" ">
   <subfield code="a">01/01/2003</subfield>
   <subfield code="c">ANACO Κ. ΑΝΑΓΝΩΣΤΟΥ Ε.Π.Ε., ΜΗΧΑΝΗΜΑΤΑ ΚΑΙ ΣΥΣΤΗΜΑΤΑ ΟΡΓΑΝΩΣΗΣ ΓΡΑΦΕΙΟΥ</subfield>
   <subfield code="d">40</subfield>
  </datafield>
  <datafield tag="951" ind1=" " ind2=" ">
   <subfield code="a">Vol. 47 no. 6 (December 2012)</subfield>
   <subfield code="b">Main run</subfield>
  </datafield>
  <datafield tag="951" ind1=" " ind2=" ">
   <subfield code="a">Vol.37, no.1(Jan./Feb. 2002 -  (v.37, no.6(Nov./Dec. 2002)</subfield>
   <subfield code="b">Main run</subfield>
  </datafield>
  <datafield tag="951" ind1=" " ind2=" ">
   <subfield code="a">Vol. 38 no. 1 (Jan.-Feb. 2003) - Vol. 40 no. 6 (Nov.-Dec. 2005)</subfield>
   <subfield code="b">Main run</subfield>
  </datafield>
  <datafield tag="951" ind1=" " ind2=" ">
   <subfield code="a">Vol. 41 no. 1 (Jan.-Feb. 2006)</subfield>
   <subfield code="b">Main run</subfield>
  </datafield>
  <datafield tag="951" ind1=" " ind2=" ">
   <subfield code="a">Vol. 42 no. 1 (Jan.-Feb. 2007)</subfield>
   <subfield code="b">Main run</subfield>
  </datafield>
  <datafield tag="951" ind1=" " ind2=" ">
   <subfield code="a">Vol. 42 no. 2 (Mar.-Apr.)</subfield>
   <subfield code="b">Main run</subfield>
  </datafield>
  <datafield tag="951" ind1=" " ind2=" ">
   <subfield code="a">Vol. 42 no. 3 (May-Jun. 2007) - Vol. 42 no. 6 (Nov.-Dec. 2007)</subfield>
   <subfield code="b">Main run</subfield>
  </datafield>
  <datafield tag="951" ind1=" " ind2=" ">
   <subfield code="a">Vol. 44 no. 1  (2009)</subfield>
   <subfield code="b">Main run</subfield>
  </datafield>
  <datafield tag="951" ind1=" " ind2=" ">
   <subfield code="a">Vol. 44 no. 2  (2009)</subfield>
   <subfield code="b">Main run</subfield>
  </datafield>
  <datafield tag="951" ind1=" " ind2=" ">
   <subfield code="a">Vol. 45 no. 1  (2010)</subfield>
   <subfield code="b">Main run</subfield>
  </datafield>
  <datafield tag="951" ind1=" " ind2=" ">
   <subfield code="a">Vol. 45 no. 2  (2010)</subfield>
   <subfield code="b">Main run</subfield>
  </datafield>
  <datafield tag="951" ind1=" " ind2=" ">
   <subfield code="a">Vol. 45 no. 3  (2010)</subfield>
   <subfield code="b">Main run</subfield>
  </datafield>
  <datafield tag="951" ind1=" " ind2=" ">
   <subfield code="a">Vol. 45 no. 4  (2010)</subfield>
   <subfield code="b">Main run</subfield>
  </datafield>
  <datafield tag="951" ind1=" " ind2=" ">
   <subfield code="a">Vol. 45 no. 5  (2010)</subfield>
   <subfield code="b">Main run</subfield>
  </datafield>
  <datafield tag="951" ind1=" " ind2=" ">
   <subfield code="a">Vol. 45 no. 6  (2010)</subfield>
   <subfield code="b">Main run</subfield>
  </datafield>
  <datafield tag="951" ind1=" " ind2=" ">
   <subfield code="a">Vol. 46 no. 1  (2011)</subfield>
   <subfield code="b">Main run</subfield>
  </datafield>
  <datafield tag="951" ind1=" " ind2=" ">
   <subfield code="a">Vol. 46 no. 2  (2011)</subfield>
   <subfield code="b">Main run</subfield>
  </datafield>
  <datafield tag="951" ind1=" " ind2=" ">
   <subfield code="a">Vol. 46 no. 5  (2011)</subfield>
   <subfield code="b">Main run</subfield>
  </datafield>
  <datafield tag="951" ind1=" " ind2=" ">
   <subfield code="a">Vol. 46 no. 3  (2011)</subfield>
   <subfield code="b">Main run</subfield>
  </datafield>
  <datafield tag="951" ind1=" " ind2=" ">
   <subfield code="a">Vol. 46 no. 4  (2011)</subfield>
   <subfield code="b">Main run</subfield>
  </datafield>
  <datafield tag="951" ind1=" " ind2=" ">
   <subfield code="a">Vol. 46 no. 6 (2011)</subfield>
   <subfield code="b">Main run</subfield>
  </datafield>
  <datafield tag="951" ind1=" " ind2=" ">
   <subfield code="a">Vol. 47 no. 1 (February 2012) - Vol. 47 no. 2 (April 2012)</subfield>
   <subfield code="b">Main run</subfield>
  </datafield>
  <datafield tag="951" ind1=" " ind2=" ">
   <subfield code="a">Vol. 47 no. 3  (June 2012)</subfield>
   <subfield code="b">Main run</subfield>
  </datafield>
  <datafield tag="951" ind1=" " ind2=" ">
   <subfield code="a">Vol. 47 no. 5 (October 2012)</subfield>
   <subfield code="b">Main run</subfield>
  </datafield>
  <datafield tag="951" ind1=" " ind2=" ">
   <subfield code="a">Vol. 47 no. 4  (August 2012)</subfield>
   <subfield code="b">Main run</subfield>
  </datafield>
 </record>
</collection>
